Better letters: (Record no. 15033)

000 -LEADER
fixed length control field 00629nam a2200193 a 4500
001 - CONTROL NUMBER
control field :::00012871$&:&@@
003 - CONTROL NUMBER IDENTIFIER
control field OkBaRHE
005 - DATE AND TIME OF LATEST TRANSACTION
control field 20100402122440.0
008 - FIXED-LENGTH DATA ELEMENTS--GENERAL INFORMATION
fixed length control field s1982 j 000 0 eng u
040 ## - CATALOGING SOURCE
Transcribing agency
100 1# - MAIN ENTRY--PERSONAL NAME
Personal name Venolia, Jan.
245 10 - TITLE STATEMENT
Title Better letters:
Remainder of title a handbook of business & personal correspondence.
260 ## - PUBLICATION, DISTRIBUTION, ETC. (IMPRINT)
Place of publication, distribution, etc Berkeley, CA., :
Name of publisher, distributor, etc Ten Speed Press
Date of publication, distribution, etc 1982
300 ## - PHYSICAL DESCRIPTION
Extent 172 p. : illus. ;
Dimensions 23 cm.
650 ## - SUBJECT ADDED ENTRY--TOPICAL TERM
Topical term or geographic name as entry element Commercial Correspondence
650 ## - SUBJECT ADDED ENTRY--TOPICAL TERM
Topical term or geographic name as entry element Letter-writing
942 ## - ADDED ENTRY ELEMENTS (KOHA)
Source of classification or shelving scheme
Koha item type Books
Copies
Full call number Barcode Withdrawn status Date acquired Shelving location Damaged status Lost status Permanent Location Source of classification or shelving scheme Not for loan Koha item type Price effective from Copy number Date last seen
PE 1483 .V4 1982 12871 2010-04-14General Stacks  RHEMA Bible Training College  Books2010-04-1412010-04-14